000
00343pab a2200145 454500
008
180718b1999 xxu||||| |||| 00| 0 eng d
100
_a
Welsh, Sandy
245
_a
Gender and sexual harassment
260
_c
1999
300
_a
p.169-90
650
_a
Women
650
_a
Sexual abuse
773
_a
Annual Review of Sociology
909
_a
42769
999
_c
42769
_d
42769